Die Charakteristik der in der altfranzösischen chanson de geste "Gui de Bourgogne "Auftretenden Personen : Nebst Bemerkungen über abfassungszeit und Quellen des Gedichtes ... /

Bibliographic Details
Main Author: Mauss, Franz, 1858-
Format: Book
Language:German
Published: Münster : E.C. Brunn, 1883.
Subjects:

MARC

Tag First Indicator Second Indicator Subfields
LEADER 00000cam a2200000 i 4500
001 in00001136854
005 20150930084511.0
008 790509s1883 gw 000 0 ger d
035 |a (OCoLC)04942992 
035 |9 AFX7329AM 
040 |a LUU  |c LUU  |d TXA  |d UtOrBLW 
049 |a TXAM 
090 |a PQ1477.G5  |b M3 1883 
100 1 |a Mauss, Franz,  |d 1858- 
245 1 4 |a Die Charakteristik der in der altfranzösischen chanson de geste "Gui de Bourgogne "Auftretenden Personen :  |b Nebst Bemerkungen über abfassungszeit und Quellen des Gedichtes ... /  |c von Franz Mauss. 
264 1 |a Münster :  |b E.C. Brunn,  |c 1883. 
300 |a 103 pages ;  |c 21 cm. 
336 |a text  |b txt  |2 rdacontent 
337 |a unmediated  |b n  |2 rdamedia 
338 |a volume  |b nc  |2 rdacarrier 
500 |a "Inaugural-dissertation zur erlangung der philosophischen doctorwurde an der Konigl. Academie zu Munster I.W." 
500 |a Includes vita (page [104]). 
500 |a Spine title: Chanson de geste de "Gui de Bourgogne." 
504 |a Includes bibliographical references. 
630 0 0 |a Gui de Bourgogne. 
740 0 |a Chanson de geste de Gui de Bourgogne. 
999 |a MARS 
999 f f |s 9a4b8355-93ae-3cc3-9a74-34046f17fdaa  |i b20ef6ae-aa38-37fe-8c6d-5e7067748539  |t 0 
952 f f |p ric  |a Texas A&M University  |b Rellis Campus  |c Joint Library Facility  |d Remote Storage  |t 0  |e PQ1477.G5 M3 1883  |h Library of Congress classification  |i unmediated -- volume  |m A14817429848 
998 f f |a PQ1477.G5 M3 1883  |t 0  |l Remote Storage